000
00227nam a22000857a 4500
008
170209b xxu||||| |||| 00| 0 eng d
100
_9
2824
_a
Bharat Scots
245
_a
AIMS Policy Rules and Organistion
260
_a
New delhi
_b
BS
_c
2010
999
_c
6042
_d
6042